01634nam a2200397 i 450000100060000000300080000600500170001400600190003100700150005000800410006501700260010602000270013202000280015903500220018704000310020905000280024008000150026808200180028310000440030124501720034526400420051730000410055933600310060033700330063133800430066450000220070750400280072958800830075759001620084065000500100265000590105265500270111179700180113885600630115699900170121989928FINmELB20241217171911.0m o d | cr cnu||||||||230724s2023 sp ob 001 0 spa d aM-9034-2023bEspaña a9788411700689q(print) a9788411701778q(e-book) a(OCoLC)1394962711 aFINmELBbspaerdacFINmELB 4aKKT518.3.P46bS211 2023 a364.4(460)04a346.460122231 aSánchez Ballesteros, Vanesa,eautora.13aLa discapacidad en España tras la reforma de la ley 8/2021 :blas competencias de los estados como garantes de su eficaz inclusión /cVanesa Sánchez Ballesteros. 1aMadrid :bEdictorial Dykinson,c2023. a1 recurso en línea (116 páginas) atextobtxt2rdacontent/spa acomputadorabc2rdamedia/spa arecurso en líneabcr2rdacarrier/spa aIncluye índice. aIncluye bibliografía. aDescripción basada en metadatos suministrados por el editor y otras fuentes. aRecurso electrónico. Santa Fe, Arg.: elibro, 2023. Disponible vía World Wide Web. El acceso puede estar limitado para las bibliotecas afiliadas a elibro. 4aDerechoxPersonas con discapacidadzEspaña. 4aPersonas con discapacidadxAspectos legaleszEspaña. 4aLibros electrónicos.2 aelibro, Corp.40uhttps://elibro.net/ereader/politecnicointernacional/232281 c89928d89928